000 00840nam a2200229 i 4500
003 IT-RoINE
005 20160329091243.0
008 920320s1982 sp |||||r |||||| spa|d
020 _a8460028933
040 _cIT-RoINE
100 1 _aRibot García, Luis Antonio,
_912390
_d1951-
245 1 3 _aLa revuelta antiespañola de Mesina :
_bcausas y antecedentes, 1591-1674 /
_cLuis Antonio Ribot García.
260 _aValladolid :
_bUniversidad de Valladolid, Facultad de filosofía y letras,
_c1982.
300 _a268 p. ;
_c21 cm.
336 _2rdacontent
_atext
337 _2rdamedia
_aunmediated
338 _2rdacarrier
_avolume
490 1 _aEstudios y documentos ;
_v42
651 4 _912391
_aMessina (Italia)
_xHistoria
_y1674-1678 (Rebelión)
830 0 _aEstudios y documentos (Universidad de Valladolid) ;
_v42
_96669
942 _cMTS
999 _c11305
_d11305